| 000 | 01215cam a22002891i 4500 | ||
|---|---|---|---|
| 001 | 143794 | ||
| 003 | SpMaBN | ||
| 005 | 20250505180702.0 | ||
| 008 | 981210s1969 sp spa | ||
| 016 | 7 |
_abimoBNE20000201823 _zIND9800833174 _2SpMaBN |
|
| 017 |
_aM 12082-1969 _bOficina Depósito Legal Madrid |
||
| 035 | _a(OCoLC)432725210 | ||
| 040 |
_aSpMaBN _bspa _cCDM _dES-MaACL |
||
| 080 | _a327:946"1936/39" | ||
| 080 | _a946"1936/39":327 | ||
| 100 | 0 |
_aSevillano Carbajal, Francisco-Virgilio _9105948 |
|
| 245 | 1 | 3 |
_aLa diplomacia mundial ante la guerra española : _bcrónica basada en una colección de documentos diplomáticos y políticos, producidos por las potencias con motivo de dicha guerra / _cFrancisco Virgilio Sevillano Carbajal ; prólogo de Manuel Fraga Iribarne |
| 260 |
_aMadrid : _bEditora Nacional, _c1969 |
||
| 300 |
_a483 p. ; _c24 cm |
||
| 490 | 0 | _aColección tierra : Serie Historia | |
| 500 | _aIndices | ||
| 651 | 4 |
_aEspaña _xHistoria _y1936-1939, Guerra civil _2embne _98292 |
|
| 700 | 1 |
_aFraga Iribarne, Manuel, _d1922-2012 _9193721 |
|
| 852 |
_aES-MaACL _bR.70804 _jC-37878 _9148990 _cDEPO2 |
||
| 942 |
_2udc _cMONOGRAFIA |
||
| 999 |
_c143794 _d143794 |
||